Countries with 9 letters - Statistics

General Stats
  • This quiz has been taken 88 times
  • The average score is 11 of 13
Answer Stats
Continent Country % Correct
South America Argentina
98%
South America Venezuela
95%
Oceania Australia
91%
Asia Indonesia
88%
North America Nicaragua
88%
North America Costa Rica
84%
Africa Cape Verde
82%
Africa Mauritius
82%
Europe Lithuania
80%
Europe San Marino
80%
Asia Singapore
79%
North America Guatemala
77%
Asia East Timor
73%
No matching quizzes found
Score Distribution
Percent of People with Each Score
Percentile by Number Answered
Your Score History
You have not taken this quiz